000 00502nam a2200157 4500
001 127175
003 ES-MaACL
005 20230906192946.0
007 t|
008 070214s1972 sp r ||||1| spa d
100 1 _aReyes Heroles, Jesús.
_996585
245 1 3 _aLa historia y la acción
_b: (la revolución y el desarrollo político de México) /
_cJesús Reyes Heroles.
260 _aMadrid :
_bSeminarios y Ediciones,
_c1972.
300 _a291 p. ;
_c18 cm.
852 _aES-MaACL
_jC-53172
_bR.84213
999 _c127175
_d127175